[Event "Khanty-Mansiysk Governor Cup 6th"]
[Site "Khanty-Mansiysk"]
[Date "2010.09.25"]
[Round "9"]
[White "Shutukov, Sergey Vladimirovic"]
[Black "Palachev, Petr"]
[Result "1-0"]
[WhiteElo "2383"]
[BlackElo "2204"]
[PlyCount "59"]
[EventDate "2010.09.17"]
[EventType "swiss"]
[EventRounds "10"]
[EventCountry "RUS"]
[SourceTitle "CBM 138 Extra"]
[Source "ChessBase"]
[SourceDate "2010.10.29"]
[SourceVersion "1"]
[SourceVersionDate "2010.10.29"]
[SourceQuality "1"]

1. c4 e6 2. d4 d5 3. Nc3 c6 4. e3 Nf6 5. Nf3 Nbd7 6. Qc2 Bd6 7. b3 0-0 8. Bd3 e5 9. cxd5 cxd5 10. dxe5 Nxe5 11. Nxe5 Bxe5 12. Bb2 Bg4 13. h3 Bh5 14. f4 Bxc3+ 15. Qxc3 d4 16. Qxd4 Qe7 17. Qe5 Qd8 18. Qc3 Qe7 19. 0-0 Qxe3+ 20. Kh1 Qb6 21. Rac1 h6 22. f5 Qe3 23. Rce1 Qg3 24. Bc4 Qh4 25. Qd4 Bg4 26. Kg1 Rfd8 27. Qf4 h5 28. Bxf6 gxf6 29. hxg4 hxg4 30. Re4 1-0

[Event "Khanty-Mansiysk Governor Cup 6th"]
[Site "Khanty-Mansiysk"]
[Date "2010.09.23"]
[Round "7"]
[White "Shutukov, Sergey Vladimirovic"]
[Black "Mezhevov, Valentin"]
[Result "1-0"]
[WhiteElo "2383"]
[BlackElo "1994"]
[PlyCount "77"]
[EventDate "2010.09.17"]
[EventType "swiss"]
[EventRounds "10"]
[EventCountry "RUS"]
[SourceTitle "CBM 138 Extra"]
[Source "ChessBase"]
[SourceDate "2010.10.29"]
[SourceVersion "1"]
[SourceVersionDate "2010.10.29"]
[SourceQuality "1"]

1. d4 Nf6 2. c4 g6 3. Nc3 Bg7 4. e4 d6 5. Nf3 0-0 6. Be2 e5 7. 0-0 Nc6 8. d5 Ne7 9. Ne1 Nd7 10. Be3 f5 11. f3 b6 12. b4 a5 13. a3 axb4 14. axb4 Rxa1 15. Qxa1 c5 16. dxc6 Nxc6 17. Nc2 Nd4 18. Qd1 Nxe2+ 19. Qxe2 Nf6 20. exf5 Bxf5 21. Rd1 Qb8 22. Na3 Rd8 23. Nab5 Bf8 24. Bg5 Be7 25. g4 Be6 26. Ne4 Kf7 27. Bxf6 Bxf6 28. Nbxd6+ Kg7 29. Nxf6 Kxf6 30. c5 bxc5 31. bxc5 Bb3 32. Re1 Re8 33. Nxe8+ Qxe8 34. f4 Qc6 35. Qxe5+ Kf7 36. Qe7+ Kg8 37. Qd8+ Kg7 38. Re7+ Bf7 39. Qc7 1-0

[Event "Khanty-Mansiysk Governor Cup 6th"]
[Site "Khanty-Mansiysk"]
[Date "2010.09.19"]
[Round "3"]
[White "Shutukov, Sergey Vladimirovic"]
[Black "Teterin, Alexander"]
[Result "1-0"]
[WhiteElo "2383"]
[BlackElo "2113"]
[PlyCount "77"]
[EventDate "2010.09.17"]
[EventType "swiss"]
[EventRounds "10"]
[EventCountry "RUS"]
[SourceTitle "CBM 138 Extra"]
[Source "ChessBase"]
[SourceDate "2010.10.29"]
[SourceVersion "1"]
[SourceVersionDate "2010.10.29"]
[SourceQuality "1"]

1. d4 d5 2. Nf3 Nf6 3. c4 e6 4. Nc3 Be7 5. Bg5 0-0 6. e3 Nbd7 7. Qc2 a6 8. cxd5 exd5 9. Bd3 Re8 10. 0-0 c6 11. Rab1 Nf8 12. h3 Ne4 13. Bxe4 Bxg5 14. Bd3 Bf6 15. b4 g6 16. a4 Ne6 17. b5 axb5 18. axb5 c5 19. dxc5 Nxc5 20. Rbd1 Nxd3 21. Qxd3 Ra3 22. Nd4 Qa5 23. Nxd5 Rxd3 24. Nxf6+ Kf8 25. Rxd3 Rd8 26. Nxh7+ Kg7 27. Ng5 Rd5 28. Ne4 Bd7 29. Nc3 Rc5 30. Nb3 Qb4 31. Nxc5 Qxc5 32. Rxd7 Qxc3 33. Rxb7 Qc2 34. Ra1 g5 35. Raa7 Kg6 36. Rxf7 Qb1+ 37. Kh2 Qxb5 38. g4 Qf1 39. Rf5 1-0

[Event "Khanty-Mansiysk Governor Cup-A 5th"]
[Site "Khanty-Mansiysk"]
[Date "2009.11.28"]
[Round "5"]
[White "Chuprov, Dmitry"]
[Black "Shutukov, Sergey Vladimirovic"]
[Result "1-0"]
[WhiteElo "2571"]
[BlackElo "2360"]
[PlyCount "73"]
[EventDate "2009.11.24"]
[EventType "swiss"]
[EventRounds "10"]
[EventCountry "RUS"]
[SourceTitle "EXT 2011"]
[Source "ChessBase"]
[SourceDate "2010.11.26"]
[SourceVersion "1"]
[SourceVersionDate "2010.11.26"]
[SourceQuality "1"]

1. e4 c5 2. Nf3 Nc6 3. d4 cxd4 4. Nxd4 Qb6 5. Nb3 Nf6 6. Nc3 e6 7. Bd3 a6 8. 0-0 Qc7 9. a4 b6 10. Be3 Be7 11. f4 d6 12. Qf3 Bb7 13. Qh3 Nb4 14. Kh1 Nd7 15. Bd4 e5 16. Be3 0-0 17. Rf2 Nf6 18. Nd2 Bc8 19. f5 Bb7 20. Nc4 b5 21. Nb6 Rab8 22. axb5 axb5 23. Nxb5 Qd8 24. Nc3 Bc6 25. Nc4 Ra8 26. Rd1 Qc7 27. Bg5 d5 28. exd5 Nbxd5 29. Nxd5 Bxd5 30. Ne3 Bb7 31. Re2 Rfd8 32. Rde1 Rd4 33. Bxf6 Bxf6 34. Ng4 e4 35. Nxf6+ gxf6 36. Bxe4 Bxe4 37. Qg4+ 1-0

[Event "Khanty-Mansiysk Governor Cup-A 5th"]
[Site "Khanty-Mansiysk"]
[Date "2009.11.28"]
[Round "6"]
[White "Shutukov, Sergey Vladimirovic"]
[Black "Demianjuk, Alexander"]
[Result "0-1"]
[WhiteElo "2360"]
[BlackElo "2318"]
[PlyCount "82"]
[EventDate "2009.11.24"]
[EventType "swiss"]
[EventRounds "10"]
[EventCountry "RUS"]
[SourceTitle "EXT 2011"]
[Source "ChessBase"]
[SourceDate "2010.11.26"]
[SourceVersion "1"]
[SourceVersionDate "2010.11.26"]
[SourceQuality "1"]

1. d4 Nf6 2. Nf3 e6 3. c4 b6 4. g3 Ba6 5. b3 Bb4+ 6. Bd2 Be7 7. Bg2 c6 8. Bc3 d5 9. Nbd2 Nbd7 10. 0-0 0-0 11. Re1 c5 12. e4 dxe4 13. Nxe4 Nxe4 14. Rxe4 Bb7 15. Re1 Bf6 16. Rc1 cxd4 17. Nxd4 Bxg2 18. Kxg2 a6 19. Qf3 Qc7 20. Red1 Rac8 21. h4 Rfd8 22. Rc2 h6 23. Bb2 Nc5 24. Rcd2 Qb7 25. Qxb7 Nxb7 26. Ba3 Nc5 27. h5 Ne4 28. Rd3 b5 29. cxb5 Nc3 30. Nc6 Nxd1 31. Rxd8+ Rxd8 32. Nxd8 Bxd8 33. bxa6 Bb6 34. Bd6 Ba7 35. b4 Nc3 36. f4 f6 37. Kf3 Kf7 38. g4 Nb5 39. Bc5 Bxc5 40. bxc5 e5 41. a4 Nc7 0-1

[Event "Khanty-Mansiysk Governor Cup-A 5th"]
[Site "Khanty-Mansiysk"]
[Date "2009.11.27"]
[Round "4"]
[White "Shutukov, Sergey Vladimirovic"]
[Black "Shcherbin, Matvei"]
[Result "1-0"]
[WhiteElo "2360"]
[BlackElo "2262"]
[PlyCount "133"]
[EventDate "2009.11.24"]
[EventType "swiss"]
[EventRounds "10"]
[EventCountry "RUS"]
[SourceTitle "EXT 2011"]
[Source "ChessBase"]
[SourceDate "2010.11.26"]
[SourceVersion "1"]
[SourceVersionDate "2010.11.26"]
[SourceQuality "1"]

1. c4 Nf6 2. Nf3 g6 3. Nc3 d5 4. cxd5 Nxd5 5. g3 Bg7 6. Bg2 0-0 7. d4 c5 8. 0-0 cxd4 9. Nxd4 Nxc3 10. bxc3 a6 11. Ba3 Qc7 12. Qb3 Re8 13. Rfd1 Nd7 14. Rab1 Ne5 15. Bc1 Nd7 16. Be3 Rb8 17. c4 e5 18. Nc2 Nc5 19. Qa3 Bf8 20. Nb4 Be6 21. Nd5 Bxd5 22. Bxd5 Ne6 23. Qa4 Re7 24. Ba7 Rd8 25. Rxb7 Qc8 26. Rxe7 Bxe7 27. Bxe6 Rxd1+ 28. Qxd1 fxe6 29. Qd3 Kf7 30. Qe4 Qd7 31. Bb8 Qa4 32. Bxe5 Qxa2 33. Qf3+ Ke8 34. Qe4 Qa4 35. Kg2 Bd8 36. h4 a5 37. Bc3 Kd7 38. Qd3+ Kc8 39. Qe4 Kd7 40. Qd4+ Kc8 41. Kh2 Qc6 42. Qh8 Qc5 43. Bd4 Qxc4 44. Bb6 Qd5 45. e4 Qd2 46. Qe8 Qd7 47. Qg8 a4 48. Bxd8 Qxd8 49. Qxe6+ Qd7 50. Qc4+ Kd8 51. Qc5 Ke8 52. e5 Kf7 53. Qc4+ Ke7 54. Qb4+ Ke6 55. Qg4+ Ke7 56. Qg5+ Ke8 57. Qf6 Qf5 58. Qc6+ Qd7 59. Qc4 Ke7 60. Qb4+ Kf7 61. Qb6 Qf5 62. Qc7+ Ke8 63. Qc6+ Qd7 64. Qa6 Qd4 65. Qf6 a3 66. Qh8+ Kd7 67. e6+ 1-0

[Event "Sukhumi op"]
[Site "Sukhumi"]
[Date "2008.08.07"]
[Round "5"]
[White "Shutukov, Sergey Vladimirovic"]
[Black "Kvitsihiya, Ushangi"]
[Result "1-0"]
[WhiteElo "2360"]
[BlackElo "2213"]
[PlyCount "79"]
[EventDate "2008.08.03"]
[EventType "swiss"]
[EventRounds "9"]
[EventCountry "GEO"]
[SourceTitle "CBM 126 Extra"]
[Source "ChessBase"]
[SourceDate "2008.11.05"]
[SourceVersion "1"]
[SourceVersionDate "2008.11.05"]
[SourceQuality "1"]

1. d4 e6 2. c4 Nf6 3. Nf3 d5 4. Nc3 c5 5. cxd5 cxd4 6. Qa4+ Bd7 7. Qxd4 exd5 8. e3 Nc6 9. Qd1 Bg4 10. Be2 Bb4 11. 0-0 0-0 12. Nb5 a6 13. Nbd4 Re8 14. a3 Bc5 15. Nxc6 bxc6 16. b4 Be7 17. Bb2 Qb6 18. Bd4 Qb7 19. Rb1 Ne4 20. Qc2 Bf6 21. Bxf6 Nxf6 22. Rfc1 Bd7 23. Nd4 Rec8 24. Nb3 Qb6 25. Qc5 Qd8 26. Bd3 Ng4 27. Qd6 Qc7 28. Qxc7 Rxc7 29. Rc5 Ne5 30. Be2 Bf5 31. Rd1 Bc8 32. Na5 Bd7 33. Rdc1 Re8 34. h3 f5 35. f4 Nf7 36. Kf2 Nd6 37. Bd3 Ne4+ 38. Bxe4 Rxe4 39. Nxc6 Bxc6 40. Rxc6 1-0

[Event "Sukhumi op"]
[Site "Sukhumi"]
[Date "2008.08.05"]
[Round "4"]
[White "Nikolaeva, Alexandra"]
[Black "Shutukov, Sergey Vladimirovic"]
[Result "1/2-1/2"]
[WhiteElo "2199"]
[BlackElo "2360"]
[PlyCount "85"]
[EventDate "2008.08.03"]
[EventType "swiss"]
[EventRounds "9"]
[EventCountry "GEO"]
[SourceTitle "CBM 126 Extra"]
[Source "ChessBase"]
[SourceDate "2008.11.05"]
[SourceVersion "1"]
[SourceVersionDate "2008.11.05"]
[SourceQuality "1"]

1. d4 Nf6 2. c4 c5 3. d5 e6 4. Nc3 exd5 5. cxd5 g6 6. e4 d6 7. f4 Bg7 8. Bb5+ Nfd7 9. a4 0-0 10. Nf3 a6 11. Be2 Re8 12. Qc2 Nf6 13. 0-0 Bg4 14. h3 Bxf3 15. Bxf3 Nbd7 16. Rb1 Rb8 17. b3 b5 18. axb5 axb5 19. Bb2 Qa5 20. Ne2 c4 21. bxc4 Rbc8 22. Bc3 Rxc4 23. Bxa5 Rxc2 24. Nc3 Nc5 25. Bd1 Rd2 26. Nxb5 Nfxe4 27. Nxd6 Ra8 28. Nxe4 Nxe4 29. Bxd2 Nxd2 30. Bf3 Bd4+ 31. Kh2 Nxf1+ 32. Rxf1 Bc5 33. Rc1 Bd6 34. Rc4 g5 35. g3 gxf4 36. gxf4 Rb8 37. Kg3 Rb4 38. Rxb4 Bxb4 39. Kg4 Kg7 40. Kf5 Bd6 41. Bh5 h6 42. Bd1 Bc7 43. Ke4 1/2-1/2

[Event "World Cup qual"]
[Site "Khanty-Mansiysk"]
[Date "2007.10.21"]
[Round "12"]
[White "Samartsev, Alexander"]
[Black "Shutukov, Sergey Vladimirovic"]
[Result "0-1"]
[WhiteElo "2421"]
[BlackElo "2327"]
[PlyCount "72"]
[EventDate "2007.10.14"]
[EventType "tourn"]
[EventRounds "13"]
[EventCountry "RUS"]
[EventCategory "5"]
[SourceTitle "CBM 121 Extra"]
[Source "ChessBase"]
[SourceDate "2008.01.10"]
[SourceVersion "1"]
[SourceVersionDate "2008.01.10"]
[SourceQuality "1"]

1. d4 c5 2. c4 cxd4 3. Nf3 e5 4. g3 Nc6 5. Bg2 Nf6 6. 0-0 Bc5 7. Nbd2 0-0 8. Ng5 d6 9. a3 a5 10. Qc2 h6 11. Nge4 Nxe4 12. Bxe4 Bh3 13. Bg2 Bxg2 14. Kxg2 f5 15. Nb3 a4 16. Nxc5 dxc5 17. b3 Qd7 18. Bb2 e4 19. Rad1 axb3 20. Qxb3 Na5 21. Qc2 Qe6 22. Rc1 f4 23. f3 e3 24. g4 b6 25. h4 Nc6 26. a4 Nb4 27. Qb3 Nc6 28. Rfd1 Ne5 29. Qc2 Nxg4 30. Rh1 Ne5 31. h5 Qc6 32. Ra1 Qe6 33. a5 Qxc4 34. Qd1 Rxa5 35. Rxa5 bxa5 36. Re1 Rf5 0-1

[Event "World Cup qual"]
[Site "Khanty-Mansiysk"]
[Date "2007.10.19"]
[Round "9"]
[White "Shutukov, Sergey Vladimirovic"]
[Black "Genba, Vladimir"]
[Result "0-1"]
[WhiteElo "2327"]
[BlackElo "2413"]
[PlyCount "86"]
[EventDate "2007.10.14"]
[EventType "tourn"]
[EventRounds "13"]
[EventCountry "RUS"]
[EventCategory "5"]
[SourceTitle "CBM 121 Extra"]
[Source "ChessBase"]
[SourceDate "2008.01.10"]
[SourceVersion "1"]
[SourceVersionDate "2008.01.10"]
[SourceQuality "1"]

1. d4 e6 2. c4 b6 3. Nc3 Bb7 4. a3 f5 5. d5 Nf6 6. g3 Na6 7. Bg2 Nc5 8. Nf3 Nce4 9. dxe6 Nxc3 10. exd7+ Qxd7 11. Qxd7+ Nxd7 12. bxc3 Ne5 13. Nxe5 Bxg2 14. Rg1 Bb7 15. Be3 Be7 16. Nd3 c5 17. Bf4 Ba6 18. Be5 Kf7 19. g4 fxg4 20. Rxg4 Rhg8 21. 0-0-0 g5 22. Re4 Rae8 23. f4 g4 24. Bc7 Bf6 25. Ne5+ Bxe5 26. fxe5 h5 27. Rf4+ Kg6 28. Rdf1 Bc8 29. Kd2 Be6 30. a4 Rg7 31. Bd6 Kg5 32. Ke3 Rg6 33. Bc7 Bd7 34. Rf8 Rg8 35. Rxg8+ Rxg8 36. a5 bxa5 37. Rf7 Be6 38. Re7 Kf5 39. Kf2 a4 40. e4+ Kxe4 41. Rxe6 Rc8 42. Re7 a3 43. Bd6 Ra8 0-1

[Event "World Cup qual"]
[Site "Khanty-Mansiysk"]
[Date "2007.10.18"]
[Round "7"]
[White "Shutukov, Sergey Vladimirovic"]
[Black "Yoshan, Valeriy"]
[Result "1-0"]
[WhiteElo "2327"]
[BlackElo "2408"]
[PlyCount "121"]
[EventDate "2007.10.14"]
[EventType "tourn"]
[EventRounds "13"]
[EventCountry "RUS"]
[EventCategory "5"]
[SourceTitle "CBM 121 Extra"]
[Source "ChessBase"]
[SourceDate "2008.01.10"]
[SourceVersion "1"]
[SourceVersionDate "2008.01.10"]
[SourceQuality "1"]

1. c4 e5 2. Nc3 Nf6 3. Nf3 Nc6 4. g3 d5 5. cxd5 Nxd5 6. Bg2 Be6 7. 0-0 Nb6 8. d3 Be7 9. a3 a5 10. Na4 Nxa4 11. Qxa4 0-0 12. Be3 Bf6 13. Nd2 Nd4 14. Bxd4 Qxd4 15. Qxd4 exd4 16. Bxb7 Rab8 17. Bf3 Rxb2 18. Ne4 Be7 19. Rfc1 Rc8 20. Nc5 Bh3 21. Nb7 Rb5 22. a4 Re5 23. Rc6 Bd7 24. Rc4 Bb4 25. Rxd4 Be6 26. Rd8+ Rxd8 27. Nxd8 Rc5 28. Nxe6 fxe6 29. Kg2 Rc2 30. h4 Kf7 31. e3 Ke7 32. Be4 h6 33. d4 Rc3 34. g4 c5 35. dxc5 Bxc5 36. Kf3 Kf6 37. Rb1 Bb4 38. Rd1 Rc7 39. Rd8 Ke5 40. Bg6 Be7 41. Ra8 Rc5 42. h5 Kd5 43. Ra6 Bd6 44. Kg2 Bc7 45. Bf7 Ke4 46. Rxe6+ Kd3 47. Kf3 Kd2 48. Re4 Bb6 49. Rd4+ Ke1 50. Bb3 Rc1 51. Rd6 Bc7 52. Rd7 Be5 53. Ke4 Bf6 54. f4 Rc3 55. Rd3 Rc1 56. Kf3 Bc3 57. e4 Bd2 58. e5 Rc8 59. e6 Rf8 60. f5 Rc8 61. e7 1-0

[Event "World Cup qual"]
[Site "Khanty-Mansiysk"]
[Date "2007.10.17"]
[Round "6"]
[White "Iljiushenok, Ilia"]
[Black "Shutukov, Sergey Vladimirovic"]
[Result "1/2-1/2"]
[WhiteElo "2157"]
[BlackElo "2327"]
[PlyCount "99"]
[EventDate "2007.10.14"]
[EventType "tourn"]
[EventRounds "13"]
[EventCountry "RUS"]
[EventCategory "5"]
[SourceTitle "CBM 121 Extra"]
[Source "ChessBase"]
[SourceDate "2008.01.10"]
[SourceVersion "1"]
[SourceVersionDate "2008.01.10"]
[SourceQuality "1"]

1. Nf3 c5 2. g3 g6 3. Bg2 Bg7 4. 0-0 Nc6 5. d3 e5 6. c4 Nge7 7. Nc3 d6 8. a3 h6 9. Rb1 a5 10. Ne1 Be6 11. Nc2 Rb8 12. Ne3 0-0 13. Ned5 f5 14. Bd2 Kh7 15. b4 axb4 16. axb4 Nxb4 17. Nxb4 cxb4 18. Rxb4 d5 19. cxd5 Nxd5 20. Rb5 e4 21. Nxd5 Bxd5 22. Bf4 Bc6 23. Rb1 Ra8 24. dxe4 fxe4 25. Qxd8 Rfxd8 26. Rfc1 Ra2 27. Kf1 Rda8 28. Bd6 Ra1 29. Rxa1 Rxa1 30. Rxa1 Bxa1 31. f3 exf3 32. Bxf3 Kg7 33. Bxc6 bxc6 34. e4 Kf6 35. Ke2 h5 36. Kf3 Bd4 37. h3 c5 38. g4 hxg4+ 39. Kxg4 c4 40. Bf4 c3 41. h4 Bf2 42. h5 gxh5+ 43. Kxh5 Be1 44. Kg4 Bd2 45. Bd6 c2 46. Ba3 Ke5 47. Kf3 Kd4 48. e5 Kxe5 49. Ke2 Bb4 50. Kd3 1/2-1/2

[Event "World Cup qual"]
[Site "Khanty-Mansiysk"]
[Date "2007.10.14"]
[Round "1"]
[White "Pozin, Sergey"]
[Black "Shutukov, Sergey Vladimirovic"]
[Result "1-0"]
[WhiteElo "2452"]
[BlackElo "2327"]
[PlyCount "67"]
[EventDate "2007.10.14"]
[EventType "tourn"]
[EventRounds "13"]
[EventCountry "RUS"]
[EventCategory "5"]
[SourceTitle "CBM 121 Extra"]
[Source "ChessBase"]
[SourceDate "2008.01.10"]
[SourceVersion "1"]
[SourceVersionDate "2008.01.10"]
[SourceQuality "1"]

1. d4 Nf6 2. Nf3 e6 3. Bf4 c5 4. e3 b6 5. Bd3 Bb7 6. 0-0 Be7 7. h3 0-0 8. Nbd2 d6 9. Qe2 Nd5 10. c3 Nxf4 11. exf4 cxd4 12. Nxd4 Nd7 13. Rfe1 Bf6 14. N2f3 Re8 15. Be4 Bxe4 16. Qxe4 d5 17. Qe3 a6 18. Rad1 b5 19. f5 exf5 20. Qxe8+ Qxe8 21. Rxe8+ Rxe8 22. Nxf5 Nb6 23. Ne3 Nc4 24. Nxd5 Nxb2 25. Rb1 Na4 26. c4 Nc3 27. Nxc3 Bxc3 28. cxb5 axb5 29. Rxb5 h6 30. Rb3 Bf6 31. a4 Rc8 32. g4 Rc5 33. Ra3 Rc7 34. Kg2 1-0

[Event "Soukhumi op"]
[Site "Soukhumi"]
[Date "2007.08.05"]
[Round "3"]
[White "Shutukov, Sergey Vladimirovic"]
[Black "Minasjan, Sergey"]
[Result "1-0"]
[WhiteElo "2327"]
[BlackElo "2143"]
[PlyCount "51"]
[EventDate "2007.08.03"]
[EventType "swiss"]
[EventRounds "9"]
[EventCountry "RUS"]
[SourceTitle "EXT 2009"]
[Source "ChessBase"]
[SourceDate "2008.11.26"]
[SourceVersion "1"]
[SourceVersionDate "2008.11.26"]
[SourceQuality "1"]

1. d4 Nf6 2. Nf3 g6 3. c4 Bg7 4. Nc3 d6 5. g3 0-0 6. Bg2 c6 7. 0-0 Nbd7 8. e4 e5 9. h3 Re8 10. Re1 exd4 11. Nxd4 Qb6 12. Nc2 Ne5 13. b3 d5 14. cxd5 cxd5 15. Be3 Qc7 16. Nxd5 Nxd5 17. exd5 Bf5 18. Nd4 Bd7 19. f4 g5 20. fxe5 Bxe5 21. Qf3 Bxg3 22. Rf1 Rxe3 23. Qxf7+ Kh8 24. Qf6+ Kg8 25. Qxg5+ Kh8 26. Qxe3 1-0

[Event "Sukhumi op"]
[Site "Sukhumi"]
[Date "2006.08.05"]
[Round "2"]
[White "Shutukov, Sergey Vladimirovic"]
[Black "Postnikova, Anna"]
[Result "1-0"]
[WhiteElo "2327"]
[BlackElo "2067"]
[PlyCount "60"]
[EventDate "2006.08.04"]
[EventType "swiss"]
[EventRounds "9"]
[EventCountry "GEO"]
[SourceTitle "EXT 2011"]
[Source "ChessBase"]
[SourceDate "2010.11.26"]
[SourceVersion "1"]
[SourceVersionDate "2010.11.26"]
[SourceQuality "1"]

1. e4 c5 2. Nf3 e6 3. d3 Nc6 4. g3 g6 5. Bg2 Bg7 6. 0-0 Nge7 7. c3 d5 8. Qe2 0-0 9. e5 b6 10. Bf4 Ba6 11. Re1 Rc8 12. Nbd2 h6 13. h4 Nf5 14. Nf1 Re8 15. Qd2 Kh7 16. N1h2 Qe7 17. Ng4 b5 18. d4 cxd4 19. cxd4 Qb4 20. Rad1 Qxd2 21. Rxd2 b4 22. Nf6+ Bxf6 23. exf6 Red8 24. b3 Nd6 25. Ne5 Nxe5 26. Bxe5 Nf5 27. a3 bxa3 28. Ra2 Bb5 29. Rxa3 a6 30. Rea1 h5 1-0